| 000 | 00000nam##2200000za#4500 |
| 001 | 9.696218 |
| 003 | CaOODSP |
| 005 | 20220107103658 |
| 007 | cr ||||||||||| |
| 008 | 150407|2007||||xxc|||||o f|0| 0 eng|d |
| 040 | |aCaOODSP|beng |
| 043 | |an-cn--- |
| 086 | 1 |aHP40-24/2007E-PDF |
| 110 | 2 |aCentre for Infectious Disease Prevention and Control (Canada) |
| 245 | 10|aPublic Health Agency of Canada and National Collaborating Centre for Infectious Diseases HIV Prevention Forum : |h[electronic resource]|bmeeting summary - April 12-13, 2007, Delta Hotel, Ottawa, Ontario |
| 246 | 1 |aHIV Prevention Forum – Ottawa, Ontario – April 12-13, 2007 |
| 260 | |aOttawa - Ontario : |bPublic Health Agency of Canada. |cc2007. |
| 300 | |a54p. |
| 500 | |aThe catalogue number (HP40-24/2007E) and ISBN (978-0-662-47245-2) for the print edition have been incorrectly copied in this electronic publication. |
| 590 | |a12-22-Supp|b2012-05-24 |
| 690 | 07|aAIDS (disease)|2gcpds |
| 775 | 08|tAgence de la santé publique du Canada et Centre de collaboration nationale des maladies infectieuses - Forum sur la prévention du VIH : |w(CaOODSP)9.640341 |
| 856 | 40|ahttp://publications.gc.ca|qPDF|s586 KB|uhttps://publications.gc.ca/collections/collection_2012/aspc-phac/HP40-24-2007-eng.pdf |